design of cities (Record no. 133)

000 -LEADER
fixed length control field 00246nam a2200109Ia 4500
008 - FIXED-LENGTH DATA ELEMENTS--GENERAL INFORMATION
fixed length control field 200302s9999 xx 000 0 und d
100 ## - MAIN ENTRY--PERSONAL NAME
Personal name Dmund N Bacon
245 ## - TITLE STATEMENT
Title design of cities
260 ## - PUBLICATION, DISTRIBUTION, ETC.
Name of publisher, distributor, etc. Thames and Hudson
260 ## - PUBLICATION, DISTRIBUTION, ETC.
Date of publication, distribution, etc. 1910
300 ## - PHYSICAL DESCRIPTION
Extent 336 P.,
Holdings
Withdrawn status Lost status Damaged status Not for loan Permanent Location Current Location Date acquired Total Checkouts Full call number Barcode Date last seen Date last checked out Price effective from Koha item type
        BMS College of Architecture, Design and Planning BMS College of Architecture, Design and Planning 2020-03-03 1 711.409 CL-UG18759 2021-10-21 2021-10-04 2020-03-03 UG Books from CL
Copyright © 2025, The Librarian, Library and Information Centre, BMSCA D&P, Bengaluru. All Rights Reserved
web counter

Powered by Koha